Hearthstone - Heroes - Statistiques

Statistiques générales
  • Ce quiz a été pris 32 fois
  • Le résultat moyen est 9 sur 11
Statistiques - réponses
Par images Réponse % Correct
Anduin
96%
Garrosh
96%
Rexxar
93%
Uther
93%
Gul'Dan
89%
Jaina
89%
Malfurion
85%
Illidan
81%
Valeera
81%
Thrall
74%
Lich King
37%
Aucun quiz correspondant
Distribution des résultats
% des personnes avec chaque résultat
Percentile par nombre de réponses
Votre historique - résultats
Vous n’avez pas pris ce quiz